02083nam a2200361Ii 4500001001100000003000800011006001900019007001500038008004100053020002700094020001900121020001500140035002100155040002600176050002300202245010500225264008800330300003400418336002600452337002600478338003600504490002900540500011300569504004100682505076300723650002101486650001901507655002201526700003301548700002601581830004201607856007201649DIGUAM0427NyNyDIGm o d cr |||||||||||130601s2009 sp ob 000 0 spa d a9788483442739q(eBook) z 9788483441305 z8483441306 a(OCoLC)888281858 aDGITAbengepncDGITA14aQC173.59.S65 eBook04aLos viajes en el tiempo :bun enfoque multidisciplinar /cEnrique Alonso y Enrique Romerales (Eds.). 1aMadrid :bServicio de Publicaciones de la Universidad Autónoma de Madrid,c2009.  a1 online resource (168 pages) atextbtxt2rdacontent acomputerbc2rdamedia aonline resourcebcr2rdacarrier0 aCuadernos de apoyo;v27. aRecoge las ponencias del simposio homónimo celebrado en la Universidad Autónoma de Madrid en marzo 2007. aIncludes bibliographical references.0 aLos viajes en el tiempo en la literatura de ciencia ficción / Miquel Barceló -- ¿Viajes trans-temporales o viajes trans-mundanos? / Enrique Romerales Espinosa -- La posibilidad de la causación retroactiva explorada a través de los viajes en el tiempo / Valerio Rocco Lozano -- Túneles y fenómenos trans-lumínicos en el espacio-tiempo / Pedro Felix González Díaz -- La flecha del tiempo: un problema pendiente para la ciencia moderna / Manuel Alfonseca -- ¿Y si Parménides tuviese razón? Una relectura gödeliana de Einstein / Jorge Pérez de Tudela Velasco -- Viajes al interior del tiempo: tareas imposibles / Enrique Alonso -- A través del espejo. ¿De qué hablamos cuando hablamos de "viajes en el tiempo"? / David Sánchez. 0aSpace and time.  0a Time travel.  0aElectronic books.1 aAlonso González, Enrique. 1 aRomerales, Enrique.  0aColección Cuadernos de apoyo ;v27.403Digitalia Hispánicauhttps://www.digitaliapublishing.com/a/19639/